Lord of the Mysteries - The Wheel of Fortune Pathway - Statistics

General Stats
  • This quiz has been taken 26 times
  • The average score is 8 of 10
Answer Stats
Sequence Number Name of Potion % Correct
Sequence 0 The Wheel Of Fortune
95%
Sequence 7 Lucky One
90%
Sequence 9 Monster
90%
Sequence 1 Snake Of Mercury
90%
Sequence 8 Robot
86%
Sequence 5 Winner
86%
Sequence 6 Calamity Priest
62%
Sequence 2 Soothsayer
57%
Sequence 3 Chaoswalker
52%
Sequence 4 Misfortune Mage
48%
No matching quizzes found
Score Distribution
Percent of People with Each Score
Percentile by Number Answered
Your Score History
You have not taken this quiz